"Mouthwashing" Character Quiz - Statistics

General Stats
  • This quiz has been taken 417 times
  • The average score is 6 of 6
Answer Stats
Hint Answer % Correct
The Tulpar's nurse Anya
100%
The origonal captain Curly
100%
The co-captain Jimmy
99%
The engineer's student Daisuke
97%
The head engineer Swansea
96%
The Pony express Mascot Polle
85%
No matching quizzes found
Score Distribution
Percent of People with Each Score
Percentile by Number Answered
Your Score History
You have not taken this quiz